One Piece - Equipage aux cents bêtes - Statistiques

Statistiques générales
  • Ce quiz a été pris 114 fois
  • Le résultat moyen est 11 sur 13
Statistiques - réponses
Hint Réponse % Correct
Capitane Kaido
99%
Okanban King
99%
Okanban Queen
98%
Fille du capitaine Yamato
97%
Okanban Jack
91%
Tobiroppo X-Drake
89%
Supernova Basil Hawkins
86%
Supernova Scratchmen Apoo
82%
Tobiroppo Ulti
81%
Tobiroppo Who’s Who
81%
Tobiroppo Black Maria
80%
Tobiroppo Page One
80%
Tobiroppo Sasaki
72%
Aucun quiz correspondant
Distribution des résultats
% des personnes avec chaque résultat
Percentile par nombre de réponses
Votre historique - résultats
Vous n’avez pas pris ce quiz